Регионална библиотека "Любен Каравелов" - Русе

Изобразителните похвати в архитектурата (Запис номер 394686)

MARC детайли
000 -Лидер
Контролно поле с фиксирана дължина 01135nam a2200325 c 4500
003 - Код на организацията, давaща контролен номер
Контролно поле BLK
005 - Дата и час на последна редакция
Контролно поле 20210119122540.0
008 - Елементи от данни с фиксирана дължина
fixed length control field 200311b bul|||||r ||||||| ||bul||
040 ## - Източник на каталожния запис
Идентификатор на билиотеката - собственик на записа BLK
041 ## - Код за език
Код за езика на текст/звукозапис или на отделно заглавие Български
Код за езика КДБФ Български
080 ## - УДК
Текстов определител УДК Архитектура
УДК код - определител по УДК 72
УДК - код + определител 72
100 ## - Редна дума - Автор
Автор Морозов, Дориян
Авторска отговорност първи автор
R(LIN) 438517
139 ## - Редно поле
Редна дума Морозов, Дориян
245 10 - Сведения за заглавието
Заглавие Изобразителните похвати в архитектурата
Редно поле (дума) Дориян Морозов.
257 ## - Страна на издаване
Страна на създаване/издаване България
260 ## - Област на издателските данни
Място на издаване, разпространение и проч. София
Име на издателя, разпространителя и проч. Техника
Година на издаване 1958
300 ## - Физическа характеристика
Страници 262 с., 6 л.
Илюстрации и др. ил.
Размери/Мащаб 37 см
380 ## - Жанр
Жанр Изкуство
500 ## - Общи забележки
Забележка 1 500 тир. Библиогр. с. 242-243. Рез. на фр., нем., англ. ез. 33,75 лв.
650 #7 - Допълнително описание по предмет – тема
Основно описание – тема или топоним Архитектура
9 (RLIN) 147603
852 ## - Местоположение
Форматна сигнатура Цб ІІ 356
Фондова буква Хранилище
856 4# - Електронен адрес и достъп
Електронен формат pdf - файл
Път до файла /url/
856 4# - Електронен адрес и достъп
Електронен формат pdf - файл
Път до файла /url/
999 ## - СИСТЕМНИ КОНТРОЛНИ НОМЕРА
Koha biblionumber 394686
Koha biblioitemnumber 394686
942 ## - АРТИКУЛИ
Вид на библиотечния материал Книги
Скрит в OPAC Не
Периодичен библиозапис Да
944 ## - СЪЗДАВАНЕ И РЕДАКЦИЯ на ЗАПИСА
Създаване/Редакция Създаване
Дата на регистрацията/редакция 2021-01-19
Служител, извършил регистрацията/редакцията НР
Наличности
Код за отписване Код за изгубен артикул Източник на класификационната схема Код за повреда Коз за рестрикции Код за отдаване Артикулен № Име на библиотеката - собственик Име на библиотеката, в която се намира в момента Статус (Текущо местоположение) Дата на вписване в системата Местоположение - отдел Цена в лева Инвентарен номер Систематично азбучна сигнатура Баркод Цена в евро Служебен тип на артикула
  Не е изгубен Universal Decimal Classification Не е повреден само за читалня ползва се в читалня 807635 Регионална библиотека "Любен Каравелов" Русе Регионална библиотека "Любен Каравелов" Русе Хранилище 2021-01-19 Хранилище 3.38 1669/59 Цб ІІ 356 900000036223 1.73 Книги
Vip Innovations Ltd, Rousse, Bulgaria 2025